01421cam a22004335a 45000010005000000030006000050050017000110080041000280100017000690200022000860350023001080400030001310420020001610500023001810820014002041000030002182450033002482600030002813000024003114900028003355050006003635200213003695210017005826500017005996500033006166500031006496500023006806500020007036500024007236500022007476510029007696510040007986510020008386510031008586510022008896550024009116550030009357000022009653395FISKH20240304145839.0060322t20062004nyu c 000 1 eng d a 2006273194 a0142405787 (pbk.) a(OCoLC)ocm64126988 aBKXcBKXdBAKERdIT6dDLC alcacalccopycat00aPZ7.H7875bSc 200600a[Fic]2221 aHorowitz, Anthony,d1955-10aScorpia /cAnthony Horowitz. aNew York :bSpeak,c2006. a372 pages :c20 cm.0 aAn Alex Rider adventure aM aAfter being told that his father was an assassin for a criminal organization, fourteen-year-old Alex goes to Italy to find out more and becomes involved in a plan to kill thousands of English school children.8 a680bLexile  0aSpy stories. 0aTerrorismvJuvenile fiction. 0aOrphansvJuvenile fiction. 0aAdventure stories. 1aSpiesvFiction. 1aTerrorismvFiction. 1aOrphansvFiction. 0aItalyvJuvenile fiction. 0aLondon (England)vJuvenile fiction. 1aItalyvFiction. 1aLondon (England)vFiction. 1aEnglandvFiction. 7aSpy stories.2gsafd 7aAdventure fiction.2gsafd aAnthony Horowitz